Countries the British Haven’t Invaded - Statistics

General Stats
  • This quiz has been taken 12 times
  • The average score is 15 of 21
Answer Stats
Population Country % Correct
6,470,307 Central African Republic
91%
18,675,547 Chad
91%
22,395,489 Mali
91%
6,142,180 Republic of the Congo
91%
7,161,900 Kyrgyzstan
82%
40,900 Liechtenstein
82%
10,277,100 Tajikistan
82%
882 Vatican City
82%
87,842 Andorra
73%
681,973 Luxembourg
73%
3,504,741 Mongolia
73%
6,109,644 Paraguay
73%
11,312,620 Bolivia
64%
12,837,740 Burundi
64%
29,389,150 Ivory Coast
64%
10,587,696 Sweden
64%
37,697,787 Uzbekistan
64%
9,109,280 Belarus
55%
38,367 Monaco
55%
17,843,132 Guatemala
45%
42,418 Marshall Islands
45%
No matching quizzes found
Score Distribution
Percent of People with Each Score
Percentile by Number Answered
Your Score History
You have not taken this quiz